[Event "Skolernes Skakklub op"]
[Site "Aarhus"]
[Date "1997.??.??"]
[Round "5"]
[White "Antonsen, Mikkel"]
[Black "Pedersen, Finn"]
[Result "1-0"]
[WhiteElo "2410"]
[BlackElo "2295"]

1.Nf3 d5 2.g3 Bf5 3.Bg2 e6 4.d3 Nd7 5.Nbd2 Ngf6 6.O-O c6 7.Qe1 Be7 8.e4 dxe4
9.dxe4 Bg6 10.Nh4 Qc7 11.f4 O-O-O 12.Nc4 Rhe8 13.h3 Nc5 14.Nxg6 hxg6 15.e5 Nd5
16.Bd2 Rd7 17.a4 Nxa4 18.Rxa4 b5 19.Ra6 bxc4 20.Qe4 Qb7 21.Rfa1 Nc7 22.Rxa7 Bc5+
23.Be3 Bxa7 24.Rxa7 Rd1+ 25.Kf2 Qb5 26.Qxc6 Qxc6 27.Bxc6 Re7 28.Bc5 Red7
29.Bxd7+ Rxd7 30.Bd6 Nb5 31.Rxd7 Kxd7 32.Bf8 f5 33.Ke3 Kc6 34.Bxg7 Kd5 35.c3 Na7
36.Bf8 Nc8 37.g4 fxg4 38.hxg4 Nb6 39.Kf3 Nd7 40.Bd6 Nb6 41.Kg3 Ke4 42.f5 gxf5
43.g5 f4+ 44.Kg4 Nd5 45.g6 Ne3+ 46.Kg5 Nf5 47.Kf6 Kd5 48.Bb8 Ng3 49.Ba7 f3
50.Kg5 Kxe5 51.Bb8+  1-0

[Event "ROM-chJ"]
[Site "Alba Iulia"]
[Date "1997.??.??"]
[Round "?"]
[White "Popescu, D."]
[Black "Ionescu, Mihai"]
[Result "1/2-1/2"]
[WhiteElo "2365"]
[BlackElo "2395"]

1.Nf3 d5 2.g3 c6 3.Bg2 Bg4 4.O-O Nd7 5.h3 Bxf3 6.Bxf3 e6 7.d3 Bd6 8.e4 Ne7
9.Qe2 O-O 10.Nd2 Qc7 11.Bg2 e5 12.exd5 cxd5 13.c4 dxc4 14.dxc4 f5 15.g4 fxg4
16.hxg4 Nc6 17.Ne4 Nd4 18.Qd3 Nc5 19.Nxc5 Bxc5 20.Be4 h6 21.Kg2 Rad8 22.Qh3 Ne2
23.g5 Nf4+ 24.Bxf4 Rxf4 25.Qe6+ Qf7 26.Qxf7+ Kxf7 27.Bd5+ Ke7 28.gxh6 gxh6
29.Rae1 Bd4 30.Re2 b6 31.Rh1 Rd6 32.Rh3 Rdf6 33.f3 Rg6+ 34.Rg3 Rff6 35.Be4 Rxg3+
36.Kxg3 Rf7 37.Kg4 Kf6 38.Kh5 Rg7 39.Kxh6 Rg5 40.b3 Bc5 41.Rh2  1/2-1/2

[Event "ROM-chJ"]
[Site "Alba Iulia"]
[Date "1997.??.??"]
[Round "?"]
[White "Popescu, D."]
[Black "Mateuta, Gabriel"]
[Result "1-0"]
[WhiteElo "2365"]
[BlackElo "2435"]

1.g3 d5 2.Nf3 g6 3.Bg2 Bg7 4.O-O e5 5.c4 dxc4 6.Na3 Nc6 7.Nxc4 e4 8.Ne1 Nf6
9.d3 Be6 10.Ne3 O-O 11.dxe4 Qxd1 12.Nxd1 Bc4 13.Nc3 Nd4 14.f3 Nxe2+ 15.Nxe2 Bxe2
16.Rf2 Ba6 17.Bf1 Bxf1 18.Kxf1 Nd7 19.Bf4 Ne5 20.Rc1 Rac8 21.Rc5 Nc6 22.Rd2 Rfd8
23.Rxd8+ Rxd8 24.Rd5 Rxd5 25.exd5 Ne5 26.Ke2 Kf8 27.Nd3 Nxd3 28.Kxd3 Bxb2
29.Bxc7 Ba3 30.d6 Ke8 31.Kd4 Kd7 32.Ke5 b5 33.Kd5 a6 34.h3 Bb4 35.g4 h5 36.Ke5 a5
37.Kf6 hxg4 38.fxg4 Ke8 39.Ke5 a4 40.Kd5 Kd7 41.h4 a3 42.h5 gxh5 43.gxh5 Bd2
44.Bb6 b4 45.Bc5 f5 46.Kc4 f4 47.h6 f3 48.h7 Bc3 49.Kb3 Kc6 50.Bxb4 f2 51.Bxc3 f1=Q
52.h8=Q Qd1+ 53.Kxa3 Qxd6+ 54.Kb2 Kb7 55.Qh7+ Ka6 56.Qe4 Qb6+ 57.Bb4 Qb7
58.Qe6+ Qb6 59.Qb3 Qf6+ 60.Ka3 Qc6 61.Qd3+ Kb7 62.Qe3 Qd7 63.Kb2 Qg7+ 64.Kb3 Qf7+
65.Kb2 Qg7+ 66.Bc3 Qg2+ 67.Ka3 Qc6 68.Bd4 Kc8 69.Kb4 Qg6 70.a4 Kb7 71.Qe7+ Kc6
72.Qc5+ Kb7 73.Qa7+ Kc8 74.Qa8+ Kc7 75.Be5+ Kd7 76.Qb7+ Ke8 77.Qc8+ Ke7 78.Qc7+ Ke8
79.a5 Qd3 80.Qc6+ Kf8 81.Qd6+  1-0

[Event "ROM-chJ"]
[Site "Alba Iulia"]
[Date "1997.??.??"]
[Round "?"]
[White "Istrate, Bogdan"]
[Black "Mateuta, Gabriel"]
[Result "1-0"]
[WhiteElo "2325"]
[BlackElo "2435"]

1.Nf3 d5 2.g3 c5 3.Bg2 Nc6 4.O-O e5 5.d3 Be7 6.e4 d4 7.a4 g5 8.Na3 h5 9.Nd2 Be6
10.h3 Qd7 11.Kh2 Nh6 12.Ndc4 O-O-O 13.Bd2 Rdf8 14.Na5 Nxa5 15.Bxa5 f5 16.exf5 Bd5
17.Qe2 Rxf5 18.Nc4 g4 19.Nxe5 Qd6 20.Nc4 Bxc4 21.dxc4 Re5 22.Qd3 h4 23.Rae1 Nf5
24.Rxe5 Qxe5 25.Bd2 Ne3 26.Bxe3 hxg3+ 27.fxg3 dxe3 28.Rf5 Qc7 29.Qxe3 gxh3
30.Bxh3 Kb8 31.Qe5 Qxe5 32.Rxe5 Bd6 33.Re6 Kc7 34.Kg2 Rg8 35.Re3 Kb6 36.Be6 Rg5
37.g4 Re5 38.Rxe5 Bxe5 39.b3 Kc7 40.Kf3 Kd6 41.Bd5 b6 42.Ke4  1-0

[Event "ROM-chJ"]
[Site "Alba Iulia"]
[Date "1997.??.??"]
[Round "?"]
[White "Istrate, Bogdan"]
[Black "Ceteras, Marius"]
[Result "1-0"]
[WhiteElo "2325"]
[BlackElo "2395"]

1.Nf3 d5 2.g3 c6 3.Bg2 Nf6 4.O-O Bg4 5.d4 e6 6.Nbd2 Nbd7 7.Re1 Be7 8.e4 dxe4
9.Nxe4 Nxe4 10.Rxe4 Bf5 11.Re1 O-O 12.c3 a5 13.Qb3 Qc8 14.a4 Re8 15.Nd2 Bd6
16.Nc4 Bc7 17.Be3 Rb8 18.Qa3 Qd8 19.Nd6 Rf8 20.Nxf5 exf5 21.d5 f4 22.Ba7 Ra8
23.Bd4 c5 24.Bxc5 Nxc5 25.Qxc5 Bd6 26.Qd4 Qc7 27.Re2 h5 28.Rae1 fxg3 29.hxg3 f5
30.Qh4 Qf7 31.Bf3 g6 32.Re6 Rae8 33.Qg5 Kh7 34.Bxh5  1-0

[Event "Alushta"]
[Site "Alushta"]
[Date "1997.??.??"]
[Round "3"]
[White "Prokopchuk, Evgeny"]
[Black "Mukhametov, Eldar"]
[Result "1-0"]
[WhiteElo "2440"]
[BlackElo "2460"]

1.Nf3 d5 2.g3 c6 3.Bg2 Nf6 4.O-O Bg4 5.c4 dxc4 6.Na3 Qd5 7.Qc2 Be6 8.Re1 Na6
9.h4 Qc5 10.Ng5 Bd7 11.Nxc4 b5 12.Ne3 e6 13.Qb1 Nc7 14.b3 Ncd5 15.Bb2 Be7
16.Nxd5 cxd5 17.e4 dxe4 18.Nxe4 Nxe4 19.Qxe4 O-O 20.Qg4 f6 21.Rac1 Qd6 22.Bxa8 Rxa8
23.Qd4 a5 24.Qxd6 Bxd6 25.Bd4 a4 26.Bc5 Ra6 27.d4 Kf7 28.b4 h5 29.Red1 Ke7
30.d5 e5 31.f3 Ra8 32.Kf2 g6 33.Ke3 Re8 34.a3 Rd8 35.Rc3 Be8 36.f4 exf4+
37.gxf4 Bf7 38.Kd4 Be8 39.Re1+ Kf7 40.Bxd6 Rxd6 41.Rc7+  1-0

[Event "Terres Catalanes 15th"]
[Site "Ampuriabrava"]
[Date "1997.??.??"]
[Round "4"]
[White "Giorgadze, Giorgi"]
[Black "Cifuentes Parada, Roberto"]
[Result "1-0"]
[WhiteElo "2625"]
[BlackElo "2555"]

1.Nf3 d5 2.g3 c5 3.Bg2 Nc6 4.O-O e6 5.c4 Nf6 6.cxd5 exd5 7.d4 Be7 8.dxc5 Bxc5
9.Qc2 Be7 10.Rd1 O-O 11.Nc3 Qa5 12.Be3 Rd8 13.Nd4 Bg4 14.Nxc6 bxc6 15.a3 Qa6
16.Rac1 Re8 17.Rd2 Bd7 18.Bd4 Rad8 19.e3 h6 20.Qa4 Qxa4 21.Nxa4 Rc8 22.f3 Nh7
23.Nc5 Bf5 24.Kf2 Bf6 25.Nb7 Bxd4 26.Rxd4 Rb8 27.Nd6 Rxb2+ 28.Kg1 Rxe3 29.Nxf5 Rxa3
30.Ne7+ Kf8 31.Nxc6 Raa2 32.Bf1 Ng5 33.Rd3 Rxh2 34.Nb4 Rab2 35.Nxd5 g6 36.Nf4 Rhd2
37.Rcc3 a5 38.Rxd2 Rxd2 39.Ra3 Rc2 40.Nd5 Rc5 41.Nb6 Rc2 42.Nc4 a4 43.Nb6 f5
44.Nxa4 f4 45.gxf4 Ne6 46.f5 gxf5 47.Bd3 Rc1+ 48.Kf2 f4 49.Nc3 Kg7 50.Ne2 Rc7
51.Bf5 Ng5 52.Nxf4  1-0

[Event "Terres Catalanes 15th"]
[Site "Ampuriabrava"]
[Date "1997.??.??"]
[Round "6"]
[White "Giorgadze, Giorgi"]
[Black "Pomes Marcet, Juan"]
[Result "1-0"]
[WhiteElo "2625"]
[BlackElo "2430"]

1.Nf3 d5 2.g3 c6 3.Bg2 Bg4 4.O-O Nd7 5.d4 Ngf6 6.Nbd2 e6 7.Re1 Be7 8.e4 dxe4
9.Nxe4 Nxe4 10.Rxe4 Bf5 11.Re1 O-O 12.c3 Re8 13.Qb3 Qb6 14.Nd2 Qc7 15.Nc4 b5
16.Ne3 Bg6 17.a4 a6 18.c4 b4 19.Ng4 Rad8 20.c5 e5 21.Nxe5 Nxe5 22.Bf4 Bxc5
23.dxc5 a5 24.Rad1 Rxd1 25.Rxd1 Qc8 26.Rd6 Nd7 27.Be3 Be4 28.Bxe4 Rxe4 29.Qd1 Re7
30.Qg4 Qe8 31.Bd4 g6 32.Qf3 Re4 33.Kg2 f5 34.Qb3+ Kf8 35.Be3 Kg7 36.Rxc6 Nf6
37.Rd6 Ng4 38.Bd4+ Kf8 39.Qd5 Qf7 40.c6 Qxd5 41.Rxd5  1-0

[Event "Andorra op"]
[Site "Andorra"]
[Date "1997.??.??"]
[Round "7"]
[White "Giorgadze, Giorgi"]
[Black "Boudre, Jean Pierre"]
[Result "1-0"]
[WhiteElo "2595"]
[BlackElo "2400"]

1.Nf3 d5 2.g3 Bg4 3.Bg2 Nd7 4.c4 c6 5.cxd5 cxd5 6.Qa4 Bxf3 7.Bxf3 Nf6 8.O-O e6
9.Nc3 Bc5 10.d4 Be7 11.e4 O-O 12.e5 Ne8 13.Be2 Nb8 14.Be3 Nc6 15.a3 Rc8 16.Rac1 Nc7
17.Bd3 f5 18.exf6 Bxf6 19.Ne2 Qd7 20.Qb3 Ne8 21.Rc3 Nd6 22.Rfc1 g6 23.Qd1 Bg7
24.Rc5 b6 25.R5c2 Ne7 26.Rxc8 Rxc8 27.Rxc8+ Qxc8 28.Qa4 Nc6 29.Ba6 Qe8 30.b4 Kf7
31.Bd3 a5 32.Bb5 Nxb5 33.Qxb5 axb4 34.axb4 Bf8 35.Bd2 Nxb4 36.Qxb6 Nc6 37.Nf4 Qd7
38.Nd3 Bd6 39.Bf4 Bxf4 40.Nxf4 Kf6 41.h4 Kg7 42.Kg2 Kf6 43.Qb5 Kg7 44.Qe2 Kf7
45.Qe3 Qe7 46.Qc3 Qd6 47.Nd3 Kg7 48.Qb2 Qb8 49.Qc3 Qd6 50.Qa1 Qd8 51.Nf4 Kf7
52.Qa6 Qc7 53.Qa8 Nd8 54.Nh3 h6 55.Qa3 Kg7 56.Nf4 e5 57.dxe5 Qxe5 58.Qf8+ Kxf8
59.Nxg6+ Kf7 60.Nxe5+  1-0

[Event "Andorra op"]
[Site "Andorra"]
[Date "1997.??.??"]
[Round "9"]
[White "Oms Pallise, Josep"]
[Black "Marin Ionescu, Luiza"]
[Result "1-0"]
[WhiteElo "2450"]
[BlackElo "2220"]

1.Nf3 d5 2.g3 Nf6 3.Bg2 c6 4.O-O Bg4 5.c4 e6 6.d3 Nbd7 7.cxd5 exd5 8.Nc3 Bd6
9.h3 Bxf3 10.Bxf3 O-O 11.e4 dxe4 12.dxe4 Qe7 13.Bg2 Rad8 14.f4 Nc5 15.Qc2 Ne6
16.Kh2 Nd4 17.Qf2 Bc5 18.Be3 Ne6 19.e5 Nd5 20.Bxc5 Qxc5 21.Nxd5 cxd5 22.Rac1 Qxf2
23.Rxf2 b6 24.Rd2 d4 25.f5 Nc5 26.Rcd1 g6 27.b4 Na6 28.Rxd4 Rde8 29.a3 Rxe5
30.Rd7 Re3 31.Rxa7 Rxa3 32.b5  1-0

[Event "Asti op"]
[Site "Asti"]
[Date "1997.??.??"]
[Round "?"]
[White "Fuggetta, Leonardo"]
[Black "Mollero, Michele"]
[Result "1/2-1/2"]
[WhiteElo "2070"]
[BlackElo "2050"]

1.Nf3 d5 2.g3 Nf6 3.Bg2 c6 4.d3 Bf5 5.Nbd2 e6 6.O-O Bc5 7.c3 O-O 8.h3 a5
9.Nh4 Bg6 10.Nxg6 hxg6 11.e4 dxe4 12.dxe4 Qc7 13.Nb3 Bb6 14.Qf3 Nbd7 15.Bf4 Ne5
16.Qe2 Nh5 17.Nd2 Rfd8 18.Bxe5 Qxe5 19.Kh2 Qg5 20.Nf3 Qc5 21.e5 Rd5 22.Rae1 Bc7
23.Qe3 Qxe3 24.Rxe3 Re8 25.Rfe1  1/2-1/2

[Event "AUT-chT2O 9697"]
[Site "Austria"]
[Date "1997.??.??"]
[Round "?"]
[White "Eisterer, Heinrich"]
[Black "Haba, Petr"]
[Result "0-1"]
[WhiteElo "2340"]
[BlackElo "2455"]

1.Nf3 d5 2.g3 Nf6 3.Bg2 c6 4.O-O Bf5 5.b3 e6 6.Bb2 h6 7.d3 Be7 8.c4 O-O 9.Na3 Bh7
10.Nc2 Nbd7 11.Nd2 Qb6 12.b4 a5 13.Bd4 Qc7 14.a3 Rad8 15.Bb2 Nb6 16.cxd5 Nfxd5
17.Nf3 Na4 18.Be5 Qc8 19.Rc1 axb4 20.Nxb4 Qa8 21.Qb3 Nc5 22.Qb2 f6 23.Bd4 Na4
24.Qb3 e5 25.e4 exd4 26.exd5 Nc5 27.Qc4 Kh8 28.Nxd4 cxd5 29.Bxd5 Nxd3 30.Ra1 Ne5
31.Qb5 Qc8 32.Ne6 Rxd5 33.Qxd5 Bg8 34.Nxf8 Bxd5 35.Nxd5 Bxf8 36.Rac1 Qh3
37.f4 Ng4 38.Rc2 Bc5+ 39.Kh1  0-1

[Event "AUT-chT2O 9798"]
[Site "Austria"]
[Date "1997.??.??"]
[Round "4"]
[White "Baumgartner, Heinz"]
[Black "Gugler, Edgar"]
[Result "1/2-1/2"]
[WhiteElo "2295"]
[BlackElo "2230"]

1.Nf3 d5 2.g3 g6 3.c4 c6 4.cxd5 cxd5 5.d4 Bg7 6.Nc3 Nf6 7.Bg2 O-O 8.O-O Nc6
9.Ne5 Nxe5 10.dxe5 Ng4 11.Nxd5 Nxe5 12.Bg5 Nc6 13.Nxe7+ Nxe7 14.Qxd8 Rxd8
15.Bxe7 Re8 16.Bc5 Rxe2 17.Rfe1 Rxe1+ 18.Rxe1 Be6 19.b3 Rc8 20.Bxa7 Ra8 21.Bc5 Rxa2
22.Bxb7 Rb2 23.b4 h5 24.Be4 Ba2 25.Bd3 Bc3 26.Re2 Bd5 27.Rxb2 Bxb2 28.Kf1 Kg7
29.Ke2 Kf6 30.Ke3 Ke5 31.f4+ Ke6 32.f5+ gxf5 33.Kf4 Kf6 34.Be2 Bc1+ 35.Be3 Bb2
36.Bd2 Be5+ 37.Ke3 h4 38.Kf2 hxg3+ 39.hxg3 Bd4+ 40.Be3 Ke5 41.b5 Bc3 42.Bf4+ Ke6
43.Bd3 Bd4+ 44.Be3 Be5 45.b6 Bb7 46.Bc4+ Ke7 47.Bg5+ f6 48.Be3 Kd6 49.Be2 Kd7
50.Bf1 Kd6  1/2-1/2

[Event "AUT-chT2W 9798"]
[Site "Austria"]
[Date "1997.??.??"]
[Round "5"]
[White "Martinovic, Slobodan"]
[Black "Fuchs, Georg"]
[Result "1-0"]
[WhiteElo "2470"]
[BlackElo "2175"]

1.Nf3 d5 2.g3 c5 3.c4 d4 4.b4 Nd7 5.bxc5 e5 6.Qa4 Qc7 7.Ba3 Ne7 8.Ng5 g6
9.Ne4 Bh6 10.Nd6+ Kf8 11.Bg2 Kg7 12.O-O a6 13.e3 Rd8 14.exd4 exd4 15.Re1 Kf8
16.Nxc8 Raxc8 17.c6 Nb6 18.Rxe7  1-0

[Event "AUT-chT2W 9798"]
[Site "Austria"]
[Date "1997.??.??"]
[Round "7"]
[White "Eberharter, Johann"]
[Black "Spiegel, Wilfried"]
[Result "1/2-1/2"]
[WhiteElo "2045"]
[BlackElo "2175"]

1.Nf3 d5 2.g3 c5 3.Bg2 Nc6 4.O-O Nf6 5.Re1 g6 6.d3 Bg7 7.c3 O-O 8.Nbd2 h6
9.e4 dxe4 10.dxe4 Be6 11.Qe2 Rc8 12.Qb5 Na5 13.Nb3 Nxb3 14.axb3 Qb6 15.Qxb6 axb6
16.Ra7 Rfd8 17.Bf4 g5 18.Be5 Bxb3 19.Rxb7 g4 20.Nh4 Rd2 21.Nf5 Re8 22.Rxb6 Rxb2
23.c4 Nd7 24.Bxb2 Nxb6 25.Nxg7 Rd8 26.Bc3  1/2-1/2

[Event "AUT-chT2W 9798"]
[Site "Austria"]
[Date "1997.??.??"]
[Round "7"]
[White "Habibi, Ali"]
[Black "Dorner, Guenther"]
[Result "1-0"]
[WhiteElo "2325"]
[BlackElo "2110"]

1.Nf3 d5 2.g3 Nf6 3.d3 c5 4.Bg2 Nc6 5.O-O e5 6.c4 d4 7.e3 Be7 8.exd4 exd4
9.a3 O-O 10.Nbd2 Bf5 11.Qc2 Qd7 12.Re1 Rfe8 13.Nf1 h6 14.Bd2 Bd6 15.Rxe8+ Rxe8
16.Re1 Rxe1 17.Nxe1 b6 18.f4 Ne7 19.b4 Ng6 20.b5 h5 21.Qd1 h4 22.a4 hxg3
23.hxg3 Bg4 24.Bf3 Bxf3 25.Qxf3 Qg4 26.Kf2 Qxf3+ 27.Kxf3 Kf8 28.Ng2 Ne8 29.g4 Nc7
30.Ng3 Ke8 31.Ne4 Be7 32.Be1 Kd7 33.Bg3 Ne8 34.f5 Nf8 35.Bb8 Kc8 36.Be5 Nh7
37.Bf4 Kd7 38.g5 Nd6 39.Kg4 Nxe4 40.dxe4 f6 41.g6 Ng5 42.e5 Ne4 43.Kf3 fxe5
44.Kxe4 exf4 45.Nxf4 Ke8 46.Kd3 Bf6 47.Ne6 Kd7 48.Ke4 Kd6 49.Nf4 Ke7 50.Nd5+ Ke8
51.Nc7+ Kd7 52.Nd5 Ke8 53.Nf4 Kd7 54.Ne2 Kd6 55.Nc1 Bg5 56.Nb3 Bf6 57.a5 Bd8
58.a6 Bg5 59.Na1 d3 60.Kxd3 Ke5 61.Nb3 Bd8 62.f6 Kxf6 63.Ke4 Kxg6 64.Kd5 Kf5
65.Kc6 g5 66.Kb7 g4 67.Nc1 g3 68.Ne2 g2 69.Kxa7 Ke4 70.Ng1 Ke3 71.Kb7 Kf2
72.a7 Kxg1 73.a8=Q Bf6 74.Kxb6 Kh2 75.Qb8+ Kh3 76.Qg8 Bh4 77.Kxc5 Bg3 78.Qh7+ Kg4
79.Qb1 Bf2+ 80.Kd5 g1=Q 81.Qxg1+ Bxg1 82.c5 Kf5 83.Kd6  1-0

[Event "AUT-chT9697"]
[Site "Austria"]
[Date "1997.??.??"]
[Round "8"]
[White "Schneider Zinner, Harald"]
[Black "Ploner, Ferdinand"]
[Result "1/2-1/2"]
[WhiteElo "2165"]
[BlackElo "2255"]

1.Nf3 d5 2.g3 Nf6 3.b3 c5 4.Bg2 Nc6 5.Bb2 Bf5 6.c4 d4 7.Nh4 Be4 8.Bxe4 Nxe4
9.d3 Nf6 10.e4 e5 11.O-O g6 12.Nd2 Be7 13.Qe2 O-O 14.Ng2 Qd7 15.f4 Qg4 16.Qxg4 Nxg4
17.Nf3 f6 18.h3 Nh6 19.Bc1 Nf7 20.Bd2 a5 21.a4 Rad8 22.g4 Bd6 23.f5 g5 24.Nh2 Be7
25.Rf3 h6 26.Nf1 Nd6 27.Ng3 Kf7 28.Kf2 Rh8 29.Ne1 b6 30.Nc2 Ra8 31.Na3 Nb4
32.Ke2 Nc6 33.Nh5 Na7 34.h4 Rag8 35.Rh3 Ne8 36.Rah1 Bd8 37.Kf3 Be7 38.Be1 Bd8
39.Ng3 Kg7 40.Nf1 Nd6 41.Nd2 Rf8 42.Ke2 Re8 43.Bg3 Ref8 44.Nf3 Nf7 45.Kd2 Bc7
46.Kc2 Ra8 47.Nb5 Nxb5 48.cxb5 Bd6 49.Nd2 Bc7 50.Nc4 Rae8 51.Be1 Nd6 52.hxg5 hxg5
53.Rxh8 Rxh8 54.Rxh8 Kxh8 55.Nxd6 Bxd6  1/2-1/2

[Event "AUT-chT2S 9697"]
[Site "Austria"]
[Date "1997.??.??"]
[Round "9"]
[White "Mikac, Matjaz"]
[Black "Hresc, Vladimir"]
[Result "1/2-1/2"]
[WhiteElo "2440"]
[BlackElo "2435"]

1.Nf3 d5 2.g3 Nc6 3.d4 Bf5 4.Bg2 Nf6 5.O-O e6 6.c3 h6 7.Nbd2 Be7 8.Qb3 Rb8
9.a4 O-O 10.Re1 Ne4 11.a5 a6 12.Nxe4 Bxe4 13.Bh3 Bd6 14.Nd2 Bg6 15.e4 dxe4
16.Nxe4 e5 17.d5 Ne7 18.Nxd6 Qxd6 19.Bg2 Rfd8 20.c4 Nf5 21.Be3 Nd4 22.Bxd4 exd4
23.Be4 c5 24.Qd3  1/2-1/2

[Event "AUT-chT9697"]
[Site "Austria"]
[Date "1997.??.??"]
[Round "10"]
[White "Topakian, Raffi"]
[Black "Stajcic, Nikola"]
[Result "1-0"]
[WhiteElo "2340"]
[BlackElo "2315"]

1.Nf3 d5 2.g3 Nf6 3.Bg2 c6 4.O-O Bf5 5.b3 e6 6.Bb2 h6 7.d3 Be7 8.Nbd2 Nbd7
9.e4 dxe4 10.dxe4 Bh7 11.Qe2 O-O 12.h3 a5 13.a3 Qc7 14.Kh1 Rfd8 15.Nh2 Nc5
16.Ng4 Nxg4 17.Qxg4 e5 18.Nc4 f6 19.Ne3 Qc8 20.Nf5 Bxf5 21.exf5 Rd2 22.Qc4+ Kh8
23.g4 Qg8 24.Qc3 Rad8 25.Bc1 Rd1 26.Be3 Rxf1+ 27.Rxf1 Qf8 28.Qxa5 Na6 29.Bxc6 bxc6
30.Qxa6 Qe8 31.a4 Rd5 32.Qc4 Bd6 33.Qe4 Qd7 34.c4 Ra5 35.Rd1 Qc7 36.Qd3  1-0

[Event "AUT-chT2O 9697"]
[Site "Austria"]
[Date "1997.??.??"]
[Round "10"]
[White "Baumgartner, Heinz"]
[Black "Weinzettl, Ernst"]
[Result "0-1"]
[WhiteElo "2265"]
[BlackElo "2395"]

1.Nf3 d5 2.g3 c6 3.Bg2 Bg4 4.b3 Nd7 5.Bb2 e6 6.O-O h5 7.h3 Bxf3 8.Bxf3 h4
9.g4 f5 10.gxf5 exf5 11.d3 Ngf6 12.Kh1 Qc7 13.e3 O-O-O 14.Nd2 Ne5 15.Rg1 Rg8
16.Bxe5 Qxe5 17.d4 Qe6 18.Rg6 Bb4 19.c4 Kb8 20.cxd5 cxd5 21.a3 Ba5 22.b4 Bc7
23.Qg1 f4 24.Bg4 Qf7 25.Bf3 Rde8 26.Re1 Re7 27.Nf1 Rge8 28.Qg2 fxe3 29.Rxe3 Bf4
30.Rxe7 Rxe7 31.Kg1 a6 32.Kh1 Re1 33.Kg1 Bh6 34.Rxf6 Qxf6 35.Bxd5 Qxd4 36.Qf3 Qb6
37.Bc4 Qg6+ 38.Kh2 Qf6 39.Qxf6 gxf6 40.b5 Rc1  0-1

[Event "SCO-ch"]
[Site "Aviemore"]
[Date "1997.??.??"]
[Round "9"]
[White "Campbell, Eoin"]
[Black "Upton, Timothy J"]
[Result "1-0"]
[WhiteElo "2050"]
[BlackElo "2280"]

1.Nf3 d5 2.g3 Nf6 3.Bg2 e6 4.O-O Be7 5.d3 O-O 6.Nbd2 c5 7.e4 dxe4 8.dxe4 Nc6
9.e5 Nd5 10.Ne4 Qc7 11.c4 Nb6 12.Bf4 Rd8 13.Qe2 Nd4 14.Nxd4 cxd4 15.b3 a5
16.a4 Nd7 17.Nd6 Bxd6 18.exd6 Qc5 19.Rfe1 Re8 20.Rad1 Ra6 21.Qb2 g5 22.Bc1 Rxd6
23.Qa3 h6 24.Qxc5 Nxc5 25.Ba3 b6 26.Bxc5 bxc5 27.Re5 f6 28.Rxc5 e5 29.Bd5+ Kg7
30.Rxa5 Bf5 31.Ra7+ Kh8 32.b4 Bc2 33.Rd2 d3 34.a5 e4 35.Ra8 Rxa8 36.Bxa8 f5
37.b5 Rd8 38.Bd5 Re8 39.a6 f4 40.Bxe4 Rxe4 41.a7 Re1+ 42.Kg2 Re8 43.b6 Ba4
44.Rxd3 Bc6+ 45.Kf1 f3 46.Rd6 Be4 47.Rd7 Bf5 48.Rd1 Be4 49.Kg1 Rc8 50.Rd4 Bc6
51.h3 h5 52.Rd7  1-0

[Event "Pfalz-chA"]
[Site "Bad Bergzabern"]
[Date "1997.??.??"]
[Round "?"]
[White "Feibert, Fred"]
[Black "Lang, Torsten"]
[Result "1/2-1/2"]
[WhiteElo "2360"]
[BlackElo "2165"]

1.Nf3 d5 2.g3 c5 3.Bg2 Nc6 4.O-O Bf5 5.d4 e6 6.c3 Nf6 7.Nh4 Be4 8.f3 Bxb1
9.Rxb1 cxd4 10.cxd4 Qb6 11.Be3 Be7 12.Bh3  1/2-1/2

[Event "Wch Seniors (Women)"]
[Site "Bad Wildbad"]
[Date "1997.??.??"]
[Round "1"]
[White "Cynolter Bognarne, Erzsebet"]
[Black "Khmiadashvili, Tamari"]
[Result "0-1"]
[WhiteElo "2080"]
[BlackElo "2165"]

1.Nf3 d5 2.g3 g6 3.Bg2 Bg7 4.c3 e5 5.d3 Ne7 6.O-O O-O 7.e4 h6 8.Qb3 c6 9.Re1 Qc7
10.Nbd2 Be6 11.Qc2 Nd7 12.d4 dxe4 13.Nxe4 f5 14.Nc5 Nxc5 15.dxc5 g5 16.Bd2 Ng6
17.Nd4 Bd7 18.Qb3+ Kh7 19.Ne6 Bxe6 20.Qxe6 g4 21.Rad1 Rae8 22.Qb3 Bf6 23.Qc2 e4
24.Be3 Qf7 25.Qc1 Ne5 26.Bxh6 Rh8 27.Bf4 Nd3 28.Rxd3 exd3 29.Bf1 Kg7 30.Bxd3 Qh5
31.Be3 Qxh2+ 32.Kf1 f4 33.gxf4 g3 34.fxg3 Qxg3 35.Ke2 Rh2+ 36.Kd1 Qf3+ 37.Be2 Qxe3
38.Qxe3 Rxe3 39.Rg1+ Kf8 40.Bc4 Rxb2 41.Rg6 Ke7 42.Rh6 Rg3 43.Kc1 Rf2  0-1

[Event "Wch Seniors"]
[Site "Bad Wildbad"]
[Date "1997.??.??"]
[Round "10"]
[White "Meszaros, Ignac"]
[Black "Eidam, Horst"]
[Result "1-0"]
[WhiteElo "2245"]
[BlackElo "1980"]

1.Nf3 d5 2.g3 Nf6 3.Bg2 g6 4.O-O Bg7 5.d4 O-O 6.c4 c6 7.cxd5 cxd5 8.Nc3 e6
9.Bf4 Nc6 10.Qc2 Nh5 11.Be3 Bd7 12.Rfd1 Rc8 13.Qd2 Na5 14.b3 Nf6 15.Ne5 Nc6
16.Bg5 Qa5 17.Bxf6 Nxe5 18.Nxd5 Qxd2 19.Ne7+ Kh8 20.Bxg7+ Kxg7 21.Rxd2 Rce8
22.dxe5 Rxe7 23.Bxb7 Bb5 24.Be4 Rc8 25.Rad1 Rec7 26.Bd3 Rc5 27.Bxb5 Rxb5
28.f4 Rc3 29.Rd7 Ra5 30.R1d2 Rc1+ 31.Kf2 Ra1 32.a4 Rb1 33.Rb7 g5 34.Rdd7 gxf4
35.Rxf7+ Kg6 36.Rf6+ Kg5 37.Rg7+  1-0

[Event "Wch Seniors"]
[Site "Bad Wildbad"]
[Date "1997.??.??"]
[Round "11"]
[White "Baumgartner, Heinz"]
[Black "Klovans, Janis"]
[Result "0-1"]
[WhiteElo "2295"]
[BlackElo "2465"]

1.Nf3 d5 2.g3 Nf6 3.Bg2 e6 4.O-O Be7 5.d4 O-O 6.c4 dxc4 7.Ne5 Nc6 8.Bxc6 bxc6
9.Nxc6 Qe8 10.Nxe7+ Qxe7 11.Qc2 c5 12.Qxc4 cxd4 13.Qxd4 Rd8 14.Qh4 Rb8 15.Nc3 Rb4
16.Qg5 e5 17.e4 h6 18.Qh4 Rd3 19.a3 Rc4 20.h3 Bb7 21.f3 Qc5+ 22.Kh1 Rcxc3
23.bxc3 Rxf3 24.Rxf3 Bxe4 25.Kg2 Bxf3+ 26.Kxf3 Qxc3+ 27.Be3 Qxa1 28.Qb4 Qf1+  0-1

[Event "Bad Woerishofen op"]
[Site "Bad Woerishofen"]
[Date "1997.??.??"]
[Round "2"]
[White "Weichelt, Jens"]
[Black "Gabriel, Christian"]
[Result "0-1"]
[WhiteElo "2225"]
[BlackElo "2570"]

1.Nf3 d5 2.g3 c6 3.Bg2 Nf6 4.O-O Bf5 5.b3 e6 6.Bb2 h6 7.d3 Be7 8.c4 O-O 9.Nbd2 Bh7
10.Ne5 a5 11.a3 Nbd7 12.Nxd7 Qxd7 13.Nf3 Rfd8 14.Bc3 c5 15.cxd5 exd5 16.Bxf6 Bxf6
17.Rc1 Qe7 18.a4 Rac8 19.Qd2 b6 20.d4 c4 21.bxc4 dxc4 22.Bh3 Rc7 23.e3 Qb4
24.Qa2 c3 25.Ne1 Be7 26.Nc2 Qb2 27.Be6 fxe6 28.Qxe6+ Kh8 29.e4 Bf8 30.f3 Bg8
31.Qe5 Bd6 32.Qf5 Ba3 33.Nxa3 Qxa3 34.d5 Qxa4 35.Qe5 Qc4 36.Rfd1 b5 37.Kg2 b4
38.d6 Rcd7 39.Qxa5 Rxd6  0-1

[Event "Bad Woerishofen op"]
[Site "Bad Woerishofen"]
[Date "1997.??.??"]
[Round "3"]
[White "Mowsziszian, Karen"]
[Black "Zach, Andreas"]
[Result "0-1"]
[WhiteElo "2490"]
[BlackElo "2315"]

1.Nf3 d5 2.g3 c6 3.Bg2 Nf6 4.O-O Bf5 5.b3 e6 6.Bb2 h6 7.d3 Be7 8.Nbd2 O-O
9.e3 a5 10.a4 Na6 11.Nd4 Bh7 12.f4 Qb6 13.Kh1 Rac8 14.g4 c5 15.Nb5 Nc7 16.Nxc7 Rxc7
17.Rb1 Qb4 18.h4 Ne8 19.g5 hxg5 20.hxg5 Nd6 21.Rf3 Bg6 22.Rh3 f6 23.c3 Qb6
24.Qg4 Kf7 25.e4 f5 26.Qe2 fxe4 27.dxe4 Ke8 28.f5 exf5 29.exd5 Kd8 30.c4 Bxg5
31.Nf3 Re7 32.Qc2 Bf4 33.Rd1 Rfe8 34.Bf1 Ne4 35.Qg2 Bh5 36.d6 Rd7 37.Bxg7 Bg4
38.Qb2 Rxd6 39.Rd5 Rxd5 40.cxd5 Bxh3 41.Bxh3 Ng3+ 42.Kg1 Re2 43.Qf6+ Qxf6
44.Bxf6+ Kd7 45.Bg2 Re3 46.Nh4 Rxb3 47.Ng6 Bd6 48.Ne5+ Bxe5 49.Bxe5 Ne4 50.Bf1 Nd6  0-1

[Event "Bad Zwesten op"]
[Site "Bad Zwesten"]
[Date "1997.??.??"]
[Round "3"]
[White "Bewersdorff, Oliver"]
[Black "Legky, Nikolay A"]
[Result "1/2-1/2"]
[WhiteElo "2370"]
[BlackElo "2535"]

1.Nf3 d5 2.g3 c5 3.Bg2 Nc6 4.d4 Nf6 5.O-O e6 6.c4 Be7 7.cxd5 exd5 8.dxc5 Bxc5
9.Qc2 Bb6 10.Nc3 h6 11.Na4 O-O 12.Nxb6 Qxb6 13.Rd1 Re8 14.h3 Nb4 15.Qb3 Bf5
16.Nd4 Nc2 17.Qxb6 axb6 18.Nxc2 Bxc2 19.Re1 Bb3 20.Be3 Rxa2 21.Rxa2 Bxa2
22.Bxb6 Rc8 23.Ra1 Bc4 24.Bf3 Ba6 25.Bd4 Rc2 26.Bxf6 gxf6 27.b3 d4 28.Rd1 Bxe2
29.Bxe2 Rxe2 30.Rxd4 Re5 31.Rb4  1/2-1/2

[Event "Bad Zwesten op"]
[Site "Bad Zwesten"]
[Date "1997.??.??"]
[Round "3"]
[White "Mowsziszian, Karen"]
[Black "Sprotte, Norbert"]
[Result "1-0"]
[WhiteElo "2490"]
[BlackElo "2210"]

1.Nf3 d5 2.g3 Nf6 3.Bg2 Bf5 4.O-O e6 5.d3 Be7 6.Nbd2 O-O 7.Qe1 h6 8.e4 Bh7
9.Qe2 c5 10.Ne5 Nc6 11.Nxc6 bxc6 12.e5 Nd7 13.b3 Qa5 14.Bb2 Rab8 15.Rfe1 Rbe8
16.f4 Kh8 17.Nf3 Qc7 18.Rf1 d4 19.Bc1 f6 20.exf6 Bxf6 21.g4 e5 22.f5 e4 23.Nd2 exd3
24.Qxd3 Re3 25.Qa6 d3 26.Nc4 Re2 27.Bf4 Nb8 28.Qa3 Bd4+ 29.Kh1 Qd7 30.c3 Bxc3
31.Qxc5 Rfe8 32.Rad1 Rxa2 33.Qd6 d2 34.Qxd7 Nxd7 35.Nxd2 Re2 36.Ne4 Rxg2
37.Rxd7 Rxg4 38.Rd8+ Bg8 39.Nxc3 Rc2 40.Be5 Rgg2 41.f6 gxf6 42.Bxf6+ Kh7
43.Rd7+  1-0

[Event "Stadtcasino op"]
[Site "Baden"]
[Date "1997.??.??"]
[Round "?"]
[White "Habibi, Ali"]
[Black "Wyss, Thomas"]
[Result "1-0"]
[WhiteElo "2345"]
[BlackElo "2215"]

1.Nf3 d5 2.g3 c5 3.Bg2 Nc6 4.d3 e6 5.O-O g6 6.Nbd2 Bg7 7.e4 Nge7 8.Nh4 b6
9.f4 dxe4 10.dxe4 Ba6 11.Rf3 g5 12.fxg5 Nd4 13.Rf2 Ng6 14.c3 Nc6 15.Qa4 Bb7
16.Nxg6 hxg6 17.e5 Qc7 18.Ne4 Bxe5 19.Nf6+ Ke7 20.Ng4 Rad8 21.Be3 Bd6 22.Raf1 Rh7
23.Nf6 Rxh2 24.Nd5+ exd5 25.Rxf7+ Ke8 26.Rxc7 Rxg2+ 27.Kxg2 Bxc7 28.Qh4 d4
29.Qh8+ Kd7 30.Qh3+ Ke8 31.Bf4 Bxf4 32.gxf4 dxc3 33.bxc3 Rd2+ 34.Kg1 Ne7
35.Re1  1-0